Trouvez l'acteur ou l'actrice...19 - Statistiques

Statistiques générales
  • Ce quiz a été pris 52 fois
  • Le résultat moyen est 5 sur 15
Statistiques - réponses
Films / Séries Aacteurs / Actrices % Correct
X-Men origins: Wolverine - The greatest showman - Les misérables Hugh Jackman
69%
Monsieur Batignole - Les Tuche - Julie Lescaut Jean-Paul Rouve
65%
Itinéraire d'un enfant gâté - Tchao pantin - Police Richard Anconina
56%
La famille Bélier - Embrassez qui vous voudrez - Polisse Karin Viard
50%
Van Gogh - Mado - Place Vandôme Jacques Dutronc
46%
Comme t'y es belle! - Le prénom - La vérité si j'mens! Valérie Benguigui
33%
Une femme d'honneur - L'homme qui marche - Prisonnières Corinne Touzet
31%
House of cards - Scream - Sexcrimes Neve Campbell
29%
Les barbouzes - Les tontons flingueurs - La jument verte Francis Blanche
27%
Mary à tout prix - Braquage à l'ancienne - American stories Matt Dillon
25%
USS Alabama - Psycho - Le seigneur des anneaux Viggo Mortensen
23%
Barnie et ses petites contrariétés - Pars vite et reviens tard - Le bossu Marie Gillain
19%
L'abominable vérité - Ennemis jurés - Le chasseur de prime Gerard Butler
10%
Paris by night - Dexter - On ne meurt que deux fois Charlotte Rampling
8%
This is us - Le temps d'un automne - Permis de mariage Mandy Moore
8%
Aucun quiz correspondant
Distribution des résultats
% des personnes avec chaque résultat
Percentile par nombre de réponses
Votre historique - résultats
Vous n’avez pas pris ce quiz